Statistics for All Gen I Pokemon

Click here to take the quiz!

General Stats

  • This quiz has been taken 5 times
  • The average score is 134 of 151

Answer Stats

HintAnswer% Correct
142Aerodactyl
100%
24Arbok
100%
144Articuno
100%
15Beedrill
100%
9Blastoise
100%
1Bulbasaur
100%
12Butterfree
100%
10Caterpie
100%
6Charizard
100%
4Charmander
100%
5Charmeleon
100%
36Clefable
100%
35Clefairy
100%
91Cloyster
100%
149Dragonite
100%
147Dratini
100%
23Ekans
100%
83Farfetch'd
100%
22Fearow
100%
136Flareon
100%
74Geodude
100%
44Gloom
100%
42Golbat
100%
76Golem
100%
75Graveler
100%
2Ivysaur
100%
39Jigglypuff
100%
135Jolteon
100%
140Kabuto
100%
141Kabutops
100%
14Kakuna
100%
68Machamp
100%
67Machoke
100%
66Machop
100%
56Mankey
100%
52Meowth
100%
11Metapod
100%
151Mew
100%
150Mewtwo
100%
146Moltres
100%
31 | 34Nidoqueen
100%
29 | 32Nidoran
100%
30 | 33Nidorina
100%
38Ninetales
100%
43Oddish
100%
138Omanyte
100%
139Omastar
100%
95Onix
100%
46Paras
100%
47Parasect
100%
53Persian
100%
18Pidgeot
100%
17Pidgeotto
100%
16Pidgey
100%
25Pikachu
100%
60Poliwag
100%
61Poliwhirl
100%
62Poliwrath
100%
57Primeape
100%
26Raichu
100%
20Raticate
100%
19Rattata
100%
27Sandshrew
100%
28Sandslash
100%
90Shellder
100%
143Snorlax
100%
21Spearow
100%
7Squirtle
100%
134Vaporeon
100%
3Venusaur
100%
45Vileplume
100%
37Vulpix
100%
8Wartortle
100%
13Weedle
100%
40Wigglytuff
100%
145Zapdos
100%
41Zubat
100%
63Abra
80%
65Alakazam
80%
59Arcanine
80%
69Bellsprout
80%
113Chansey
80%
87Dewgong
80%
50Diglett
80%
132Ditto
80%
85Dodrio
80%
84Doduo
80%
148Dragonair
80%
96Drowzee
80%
51Dugtrio
80%
133Eevee
80%
125Electabuzz
80%
101Electrode
80%
92Gastly
80%
94Gengar
80%
118Goldeen
80%
55Golduck
80%
88Grimer
80%
58Growlithe
80%
93Haunter
80%
107Hitmonchan
80%
106Hitmonlee
80%
116Horsea
80%
124Jynx
80%
64Kadabra
80%
115Kangaskhan
80%
109Koffing
80%
98Krabby
80%
131Lapras
80%
129Magikarp
80%
126Magmar
80%
81Magnemite
80%
82Magneton
80%
122Mr. Mime
80%
89Muk
80%
77Ponyta
80%
137Porygon
80%
54Psyduck
80%
78Rapidash
80%
112Rhydon
80%
111Rhyhorn
80%
123Scyther
80%
117Seadra
80%
119Seaking
80%
86Seel
80%
80Slowbro
80%
79Slowpoke
80%
121Starmie
80%
120Staryu
80%
114Tangela
80%
128Tauros
80%
72Tentacool
80%
73Tentacruel
80%
71Victreebel
80%
100Voltorb
80%
110Weezing
80%
104Cubone
60%
102Exeggcute
60%
103Exeggutor
60%
130Gyarados
60%
97Hypno
60%
99Kingler
60%
105Marowak
60%
127Pinsir
60%
49Venomoth
60%
48Venonat
60%
70Weepinbell
60%
108Lickitung
40%

Score Distribution

Percentile by Number Answered

Percent of People with Each Score

Your Score History

You have not taken this quiz